000 00638nam a2200265 a 4500
001 nice12345678
003 IN_TiNIC
005 20260116013322.0
008 050524s1993 dela grp 000 0 eng
020 _a8185107
_c20
082 0 0 _a306.85
_bBHA
100 _aBhasin, Kamla
245 _aWhat Is Patriarchy?
260 _aDelhi
_bKali for Women
_c1993
300 _a41p
500 _aincludes index and biblioraphy
505 2 _aIndex
650 _aFamily-India-Patriarchy
650 _aPatriarchy
650 _aWomen-Patriarchy
700 1 _aBhasin, Kamla
902 _bSRS
942 _cBK
999 _c10540
_d10540